Statistics for The Big List of Authors

Click here to take the quiz!

General Stats

  • This quiz has been taken 6,400 times
    (5,901 since last reset)
  • The average score is 57 of 101

Answer Stats

BookAuthor% Correct
1984George Orwell
92%
War and PeaceLeo Tolstoy
92%
Pride and PrejudiceJane Austen
91%
Wuthering HeightsEmily Bronte
90%
Harry Potter and the Sorcerer's StoneJ.K. Rowling
90%
The HobbitJ.R.R. Tolkien
90%
The Great GatsbyF. Scott Fitzgerald
89%
To Kill a MockingbirdHarper Lee
88%
Murder on the Orient ExpressAgatha Christie
87%
DraculaBram Stoker
87%
The Picture of Dorian GrayOscar Wilde
87%
OdysseyHomer
86%
Les MiserablesVictor Hugo
86%
The Adventures of Tom SawyerMark Twain
85%
FrankensteinMary Shelley
85%
Da Vinci CodeDan Brown
83%
Catcher in the RyeJ.D. Salinger
83%
Alice's Adventures in WonderlandLewis Carrol
83%
Divine ComedyDante Alighieri
81%
Sherlock HolmesSir Arthur Conan Doyle
81%
A Farewell to ArmsErnest Hemingway
80%
Moby DickHerman Melville
78%
Crime and PunishmentFyodor Dostoyevsky
77%
The Pickwick PapersCharles Dickens
76%
A Brave New WorldAldous Huxley
75%
The Jungle BookRudyard Kipling
75%
Twenty Thousand Leagues Under the SeaJules Verne
73%
The Canterbury TalesGeoffrey Chaucer
72%
Winnie the PoohA.A. Milne
70%
Little WomenLouis May Alcott
70%
Don QuixoteMiguel De Cervantes
70%
Treasure IslandRobert Louis Stevenson
70%
The Bell JarSylvia Plath
70%
On the RoadJack Kerouac
69%
Lord of the FliesWilliam Golding
68%
The Count of Monte CristoAlexandre Dumas
67%
Heart of DarknessJoseph Conrad
67%
East of EdenJohn Steinbeck
66%
Catch-22Joseph Heller
66%
LolitaVladimir Nabokov
66%
The MetamorphisisFranz Kafka
65%
Gulliver's TravelsJohnathon Swift
65%
The Call of the WildJack London
64%
The Green MileStephen King
63%
The War of the WorldsH.G. Wells
62%
Slaughterhouse 5Kurt Vonnegut
62%
The Little MermaidHans Christian Andersen
61%
Gone with the WindMargaret Mitchell
60%
A Portrait of the Artist as a Young ManJames Joyce
59%
The Scarlet LetterNathaniel Hawthorne
59%
Tess of d'UrbervillesThomas Hardy
59%
To the LighthouseVirginia Woolf
59%
Robinson CrusoeDaniel Defoe
58%
A Hitchhiker's Guide to the GalaxyDouglas Adams
57%
Farenheit 451Ray Bradbury
56%
TwilightStephanie Meyer
56%
Atlas ShruggedAyn Rand
55%
Breakfast at Tiffany'sTruman Capote
55%
CandideVoltaire
55%
The PrinceNiccolo Machiavelli
53%
MiddlemarchGeorge Eliot
52%
BelovedToni Morrison
52%
Mere ChristianityC.S. Lewis
51%
The FirmJohn Grisham
51%
Jurassic ParkMichael Crichton
51%
Charlotte's WebE.B. White
45%
Leaves of GrassWalt Whitman
45%
I, RobotIsaac Asimov
42%
The Joy Luck ClubAmy Tan
41%
WaldenHenry David Thoreau
41%
Interview with a VampireAnn Rice
40%
A Clockwork OrangeAnthony Burgess
40%
One Flew Over the Cuckoo's NestKen Kesey
40%
Little House on the PrairieLaura Ingalls Wilder
40%
Vanity FairWilliam Makepeace Thackeray
40%
The NotebookNicholas Sparks
38%
In Search of Lost TimeMarcel Proust
36%
The Hunt for Red OctoberTom Clancy
36%
The Last of the MohicansJames Fenimore Cooper
35%
Anne of Green GablesL.M. Montgomery
35%
Absalom, Absalom!William Faulkner
35%
The Age of InnocenceEdith Wharton
33%
The Secret GardenFrances Hodgson Burnett
33%
Are You There God? It's Me MargaretJudy Blume
33%
The Wind and the WillowsKenneth Grahame
33%
Invisible ManRalph Ellison
28%
The Bourne IdentityRobert Ludlum
28%
The AmericanHenry James
27%
The Good EarthPearl Buck
27%
Common SenseThomas Paine
27%
I, ClaudiusRobert Graves
23%
Tuesdays with MorrieMitch Albom
22%
Fight ClubChuck Palahniuk
21%
Battlefield EarthL. Ron Hubbard
20%
The OutsidersS.E. Hinton
20%
The GiverLois Lowry
19%
The Witches of EastwickJohn Updike
14%
Sophie's ChoiceWilliam Styron
13%
All the King's MenRobert Penn Warren
12%
Flowers for AlgernonDaniel Keyes
10%
DeliveranceJames Dickey
8%

Score Distribution

Percentile by Number Answered

Percent of People with Each Score

Your Score History

You have not taken this quiz since the last reset